| 000 | 00361nam a2200133Ia 4500 | ||
|---|---|---|---|
| 008 | 220216s9999 xx 000 0 und d | ||
| 100 | _aConforto E De C | ||
| 245 | 0 | _aAnalysis of Alvims phytotensiometer curves by linear regression | |
| 260 |
_bScientia Agricola _c1998 |
||
| 300 | _a465-472 | ||
| 700 | _aCastro P R C | ||
| 700 | _aCornelio M L | ||
| 942 | _cJS | ||
| 999 |
_c54210 _d54210 |
||